Acuerdos Iglesia-Estado español en el último decenio: su desarrollo y perspectivas
Guardat en:
| Autor corporatiu: | |
|---|---|
| Format: | Llibre |
| Idioma: | espanyol |
| Publicat: |
Barcelona
Librería Bosch
1987
|
| Matèries: | |
| Etiquetes: |
Afegir etiqueta
Sense etiquetes, Sigues el primer a etiquetar aquest registre!
|
MARC
| LEADER | 00000nam a2200000 a 4500 | ||
|---|---|---|---|
| 001 | UCV2870 | ||
| 003 | CL-VaPUC | ||
| 008 | 921210e19870000SP |||||||||||||||||spa|d | ||
| 082 | 0 | 4 | |a 261.7 |b ASO |2 21 |
| 110 | 2 | |a Asociación Española de Canonistas |e author |9 297156 | |
| 245 | 1 | 0 | |a Acuerdos Iglesia-Estado español en el último decenio: su desarrollo y perspectivas |
| 300 | |a 273 p | ||
| 942 | |c BK | ||
| 945 | |d 19921210 00:00:00 | ||
| 260 | |a Barcelona |b Librería Bosch |c 1987 | ||
| 650 | 0 | |a Iglesia y Estado |9 254995 | |
| 651 | 0 | |a España |9 254926 | |
| 583 | |a last modification |c 19921210 00:00:00 |k Rodrigo Vera | ||
| 999 | |c 210333 |d 210331 | ||
| 952 | |0 0 |1 0 |4 0 |6 261_700000000000000_ASO_1987 |7 0 |8 A |9 186478 |a BIBDER |b BIBDER |d 2019-11-14 |i 2539640 |o 261.7 ASO 1987 |p 2539640 |r 2023-01-25 |w 2019-11-14 |y BK |k DER | ||